000 00633cam a22002411 4500
001 sa 68003844
003 DLC
005 20260227112456.0
008 890811s1967 ii b 000 0 hino
010 _asa 68003844
035 _a(OCoLC)20162416
040 _aDLC
_cWaU
_dDLC
042 _apremarc
043 _aa-ii---
050 0 0 _aPK2040
_b.G787
100 1 _aGupta, Śāntisvarūpa,
_d1911-
245 1 0 _aHindī kāvya ke āloka-stambha.
260 _c[1968, i.e. 1967]
300 _a1, 309 p.
_c22 cm.
500 _aIn Hindi.
504 _aBibliographical footnotes.
650 0 _aHindi poetry
_xHistory and criticism.
999 _c79785
_d79785